Music Quiz

Random Music or Album Quiz
Score 0/9 Timer 03:00
0 Plays Today
Track # Song % Correct
1Whole Lotta Love
93.7%
7Ramble On
90.5%
6Living Loving Maid
88.9%
3The Lemon Song
87.3%
5Heartbreaker
82.5%
8Moby Dick
79.4%
2What Is and What Should Never Be
76.2%
9Bring It On Home
74.6%
4Thank You
71.4%
Remove Ads.
Support Sporcle.
Get the best of Sporcle when you Go Orange. This ad-free experience offers more features, more stats, and more fun while also helping to support Sporcle. Thank you for becoming a member.

You're not logged in!

Compare scores with friends on all Sporcle quizzes.
OR
Log In

Show Comments

Extras

Top Quizzes Today


Score Distribution

Your Account Isn't Verified!

In order to create a playlist on Sporcle, you need to verify the email address you used during registration. Go to your Sporcle Settings to finish the process.

Report this User

Report this user for behavior that violates our Community Guidelines.

Details: